| 000 | 01192naa a22003017a 4500 | ||
|---|---|---|---|
| 001 | BR8603058 | ||
| 003 | BR-BrBNA | ||
| 005 | 20240918175729.0 | ||
| 007 | ta | ||
| 008 | 230509b bl.||||| |||| 00| 0 por d | ||
| 040 |
_aBR-BrBNA _bpor _cBiblioteca Nacional de Agricultura |
||
| 041 | _a(Pt) | ||
| 072 |
_aL10 _b5212 |
||
| 090 | _aL10 BR8603058 | ||
| 100 | 1 | _aVeiga, J.S. | |
| 111 | 1 |
_a6. Simposio Nacional de Reproducao Animal _cBelo Horizonte, MG (Brazil) _d15-19 Jul 1985 |
|
| 245 | 1 | _aAvaliacao critica de necessidade de se fazer exame de cariotipo em reprodutores bovinos | |
| 246 | 1 | _a[Critical evaluation of the need of making a caryotype examination in bovine males] | |
| 246 | 1 | _a[Annals of the 6. National Symposium of Animal Reproduction] | |
| 260 | 3 |
_aCampinas, SP (Brasil): _c1986. |
|
| 500 | _aAnais do 6. Simposio Nacional de Reproducao Animal Campinas, SP (Brasil): 1986. p. 227-239 (BR8603058-AM)L10 | ||
| 650 | _aBOVINO | ||
| 650 | _aREPRODUTOR | ||
| 650 | _aCARIOTIPO | ||
| 773 | 0 |
_tAnais do 6. Simposio Nacional de Reproducao Animal _wL10 BR8603058 _gCampinas, SP (Brasil), 1986. p. 227-239 |
|
| 909 |
_a202404 _bLucia _c55 _dLucia Elande |
||
| 942 |
_cAM _2AGRIS |
||
| 999 |
_c317931 _d317931 |
||